Out of pocket expenditure (Record no. 522763)

000 -LEADER
fixed length control field 00227nam a22000977a 4500
082 ## - DEWEY DECIMAL CLASSIFICATION NUMBER
Classification number TNC T39 Ho85
100 ## - MAIN ENTRY--PERSONAL NAME
Personal name Hooda Shailender
9 (RLIN) 38490
245 ## - TITLE STATEMENT
Title Out of pocket expenditure
260 ## - PUBLICATION, DISTRIBUTION, ETC. (IMPRINT)
Place of publication, distribution, etc New Delhi
Name of publisher, distributor, etc ISID
Date of publication, distribution, etc 2014
300 ## - PHYSICAL DESCRIPTION
Extent 23p.
Holdings
Withdrawn status Lost status Source of classification or shelving scheme Damaged status Koha normalized classification for sorting Not for loan Permanent location Current location Date acquired Full call number Barcode Date last seen Price effective from Koha item type
        TNC_T39_HO85   Indian Institute of Public Administration Indian Institute of Public Administration 2023-05-30 TNC T39 Ho85 GR24091 2023-05-30 2023-05-30 GR

Powered by Koha